000 00474nam a2200181Ia 4500
005 20250508152156.0
008 008 250505s9999 xx 000 0 hin d
037 _aTextual
040 _aFEDL
_beng
_cFEDL
041 _ahin
_2hin
084 _a500, MAT
_qFEDL
100 _aMata Prasad
245 0 _aVigyan praveshika bhag 2
260 _aAllahabad, India
_bKitab Mahal
_c1954
300 _a131p.
942 _cTEXL
_h500, MAT
999 _c1334766
_d1334766